The Sinai myth (Record no. 6277)
[ view plain ]
| 000 -LEADER | |
|---|---|
| fixed length control field | 00608nam a2200217I 4500 |
| 001 - CONTROL NUMBER | |
| control field | 1214210 |
| 003 - CONTROL NUMBER IDENTIFIER | |
| control field | OCoLC |
| 005 - DATE AND TIME OF LATEST TRANSACTION | |
| control field | 20190116143604.0 |
| 008 - FIXED-LENGTH DATA ELEMENTS--GENERAL INFORMATION | |
| fixed length control field | 750313|1975||||||| |||| ||eng u |
| 020 ## - INTERNATIONAL STANDARD BOOK NUMBER | |
| International Standard Book Number | 0385088248 |
| 040 ## - CATALOGING SOURCE | |
| Transcribing agency | APL |
| Modifying agency | ODC |
| 082 ## - DEWEY DECIMAL CLASSIFICATION NUMBER | |
| Classification number | 241.52 |
| Item number | G794S |
| 100 1# - MAIN ENTRY--PERSONAL NAME | |
| Personal name | Greeley, Andrew M., |
| Dates associated with a name | 1928-2013. |
| 245 14 - TITLE STATEMENT | |
| Title | The Sinai myth |
| Statement of responsibility, etc. | [by] Andrew M. Greeley. |
| 260 ## - PUBLICATION, DISTRIBUTION, ETC. | |
| Place of publication, distribution, etc. | Garden City, N. Y., |
| Name of publisher, distributor, etc. | Image Books |
| Date of publication, distribution, etc. | 1975, [c1972] |
| 300 ## - PHYSICAL DESCRIPTION | |
| Extent | 196 p. |
| Dimensions | 18 cm. |
| 490 0# - SERIES STATEMENT | |
| Series statement | Doubleday Image book D350. |
| 504 ## - BIBLIOGRAPHY, ETC. NOTE | |
| Bibliography, etc. note | Includes bibliographical references. |
| 630 00 - SUBJECT ADDED ENTRY--UNIFORM TITLE | |
| Uniform title | Ten commandments. |
| 942 ## - ADDED ENTRY ELEMENTS (KOHA) | |
| Source of classification or shelving scheme | Dewey Decimal Classification |
| Koha item type | Books |
| Withdrawn status | Lost status | Source of classification or shelving scheme | Damaged status | Not for loan | Collection code | Home library | Current library | Shelving location | Date acquired | Cost, normal purchase price | Total Checkouts | Full call number | Barcode | Date last seen | Price effective from | Koha item type |
|---|---|---|---|---|---|---|---|---|---|---|---|---|---|---|---|---|
| Dewey Decimal Classification | Non-fiction | Harvest Mission College | Harvest Mission College | General Stacks | 16.01.2019 | 1350.00 | 241.52 G794S | 006884 | 16.01.2019 | 16.01.2019 | Books |
